000 00631cab a2200205 4500
001 WB2825-36
008 090401t1992 xxu||||| |||| 00| 0 eng d
035 _a(Sirsi) u43936
041 _aeng
245 _aTough talking over property valuations
260 _c1992
350 _a0
490 _aEvening Standard
_v24 June 1992, 37(1)
520 _aUrgent discussions are underway between the RICS and the Accounting Standards Board to toughen up corporate valuations of properties.
650 _aASSET VALUATIONS
650 _aCORPORATE VALUATIONS
690 _aRATING AND VALUATION
942 _n0
948 _c04/03/1997
999 _c28005
_d28005